[Event "Stay Safe Play From Home 280"]
[Site "Emanuel Lasker Arena"]
[Date "2020.07.06"]
[Round "8"]
[White "Mepe_Nika"]
[Black "NeatFox"]
[Result "1-0"]
[WhiteElo "2374"]
[BlackElo "1940"]
[PlyCount "133"]
[EventDate "2020.07.06"]
[EventType "swiss (blitz)"]

1. d4 {[%emt 0:00:01]} d5 {[%emt 0:00:03]} 2. Bf4 {[%emt 0:00:00]} Nc6 {[%emt 0:00:01]} 3. e3 {[%emt 0:00:00]} f6 {[%emt 0:00:01]} 4. Nf3 {[%emt 0:00:01]} e5 {[%emt 0:00:00]} 5. dxe5 {[%emt 0:00:01]} fxe5 {[%emt 0:00:00]} 6. Nxe5 {[%emt 0:00:01]} Nxe5 {[%emt 0:00:00]} 7. Bxe5 {[%emt 0:00:01]} Nf6 {[%emt 0:00:00]} 8. Nc3 {[%emt 0:00:02]} Be7 {[%emt 0:00:01]} 9. Bd3 {[%emt 0:00:04]} c6 {[%emt 0:00:01]} 10. O-O {[%emt 0:00:05]} Bg4 {[%emt 0:00:01]} 11. Be2 {[%emt 0:00:02]} Bxe2 {[%emt 0:00:02]} 12. Nxe2 {[%emt 0:00:02]} O-O {[%emt 0:00:00]} 13. Ng3 {[%emt 0:00:02]} Qb6 {[%emt 0:00:10]} 14. Nf5 {[%emt 0:00:03]} Rfe8 {[%emt 0:00:01]} 15. Nxe7+ {[%emt 0:00:01]} Rxe7 {[%emt 0:00:00]} 16. Bxf6 {[%emt 0:00:01]} gxf6 {[%emt 0:00:01]} 17. Rb1 {[%emt 0:00:01]} Rg7 {[%emt 0:00:00]} 18. Qf3 {[%emt 0:00:01]} Qd8 {[%emt 0:00:02]} 19. Rfd1 {[%emt 0:00:02]} Qe7 {[%emt 0:00:01]} 20. c4 {[%emt 0:00:02]} dxc4 {[%emt 0:00:01]} 21. Rd4 {[%emt 0:00:01]} b5 {[%emt 0:00:01]} 22. Qxc6 {[%emt 0:00:02]} Re8 {[%emt 0:00:04]} 23. Rbd1 {[%emt 0:00:01]} Qe5 {[%emt 0:00:00]} 24. Qd5+ {[%emt 0:00:01]} Qxd5 {[%emt 0:00:04]} 25. Rxd5 {[%emt 0:00:00]} Re5 {[%emt 0:00:00]} 26. Rxe5 {[%emt 0:00:01]} fxe5 {[%emt 0:00:01]} 27. Rd5 {[%emt 0:00:00]} Re7 {[%emt 0:00:03]} 28. Rxb5 {[%emt 0:00:01]} Rd7 {[%emt 0:00:00]} 29. Kf1 {[%emt 0:00:01]} Rd2 {[%emt 0:00:01]} 30. Rb4 {[%emt 0:00:02]} e4 {[%emt 0:00:02]} 31. Rxc4 {[%emt 0:00:01]} Rxb2 {[%emt 0:00:00]} 32. a4 {[%emt 0:00:02]} Ra2 {[%emt 0:00:01]} 33. Rxe4 {[%emt 0:00:01]} Kf7 {[%emt 0:00:00]} 34. g4 {[%emt 0:00:01]} Kf6 {[%emt 0:00:00]} 35. Kg2 {[%emt 0:00:01]} Kg5 {[%emt 0:00:00]} 36. Kg3 {[%emt 0:00:01]} h5 {[%emt 0:00:00]} 37. h4+ {[%emt 0:00:00]} Kg6 {[%emt 0:00:01]} 38. g5 {[%emt 0:00:00]} Ra3 {[%emt 0:00:01]} 39. Re6+ {[%emt 0:00:01]} Kg7 {[%emt 0:00:01]} 40. Ra6 {[%emt 0:00:00]} Kf7 {[%emt 0:00:02]} 41. Rxa7+ {[%emt 0:00:00]} Kg6 {[%emt 0:00:00]} 42. Ra6+ {[%emt 0:00:01]} Kf5 {[%emt 0:00:00]} 43. Rf6+ {[%emt 0:00:02]} Ke5 {[%emt 0:00:01]} 44. Rf4 {[%emt 0:00:00]} Rc3 {[%emt 0:00:02]} 45. Kf3 {[%emt 0:00:01]} Rc7 {[%emt 0:00:00]} 46. Rf6 {[%emt 0:00:01]} Rg7 {[%emt 0:00:01]} 47. a5 {[%emt 0:00:01]} Kd5 {[%emt 0:00:00]} 48. a6 {[%emt 0:00:00]} Kc5 {[%emt 0:00:00]} 49. Rf5+ {[%emt 0:00:01]} Kb6 {[%emt 0:00:01]} 50. Rf6+ {[%emt 0:00:00]} Ka5 {[%emt 0:00:01]} 51. e4 {[%emt 0:00:00]} Kb5 {[%emt 0:00:00]} 52. Kf4 {[%emt 0:00:00]} Kc5 {[%emt 0:00:00]} 53. f3 {[%emt 0:00:00]} Kd4 {[%emt 0:00:00]} 54. Kf5 {[%emt 0:00:00]} Kc5 {[%emt 0:00:00]} 55. f4 {[%emt 0:00:00]} Rc7 {[%emt 0:00:00]} 56. e5 {[%emt 0:00:00]} Rc6 {[%emt 0:00:00]} 57. g6 {[%emt 0:00:00]} Rxf6+ {[%emt 0:00:01]} 58. exf6 {[%emt 0:00:01]} Kd4 {[%emt 0:00:00]} 59. f7 {[%emt 0:00:00]} Ke3 {[%emt 0:00:00]} 60. f8=Q {[%emt 0:00:00]} Kf3 {[%emt 0:00:00]} 61. Qh6 {[%emt 0:00:00]} Kg3 {[%emt 0:00:00]} 62. Qxh5 {[%emt 0:00:00]} Kh3 {[%emt 0:00:00]} 63. Qg5 {[%emt 0:00:00]} Kh2 {[%emt 0:00:01]} 64. h5 {[%emt 0:00:00]} Kh3 {[%emt 0:00:00]} 65. h6 {[%emt 0:00:00]} Kh2 {[%emt 0:00:00]} 66. h7 {[%emt 0:00:00]} Kh3 {[%emt 0:00:00]} 67. h8=Q# {[%emt 0:00:00] (Lag: Av=0.50s, max=0.7s)} 1-0

[Event "Stay Safe Play From Home 280"]
[Site "Emanuel Lasker Arena"]
[Date "2020.07.06"]
[Round "8"]
[White "little champs"]
[Black "Bardellosport"]
[Result "1-0"]
[WhiteElo "2311"]
[BlackElo "2029"]
[PlyCount "121"]
[EventDate "2020.07.06"]
[EventType "swiss (blitz)"]

1. e4 {[%emt 0:00:02]} d6 {[%emt 0:00:00]} 2. Nc3 {[%emt 0:00:01]} g6 {[%emt 0:00:00]} 3. d4 {[%emt 0:00:01]} Bg7 {[%emt 0:00:00]} 4. Nf3 {[%emt 0:00:01]} Nd7 {[%emt 0:00:01]} 5. Bc4 {[%emt 0:00:01]} e6 {[%emt 0:00:01]} 6. Bb3 {[%emt 0:00:01]} Ne7 {[%emt 0:00:01]} 7. O-O {[%emt 0:00:00]} O-O {[%emt 0:00:01]} 8. Re1 {[%emt 0:00:01]} b6 {[%emt 0:00:00]} 9. a3 {[%emt 0:00:00]} Bb7 {[%emt 0:00:01]} 10. Bf4 {[%emt 0:00:00]} a5 {[%emt 0:00:01]} 11. Qd2 {[%emt 0:00:01]} c5 {[%emt 0:00:01]} 12. Bh6 {[%emt 0:00:01]} d5 {[%emt 0:00:02]} 13. Bxg7 {[%emt 0:00:01]} Kxg7 {[%emt 0:00:00]} 14. exd5 {[%emt 0:00:01]} Nxd5 {[%emt 0:00:01]} 15. Nxd5 {[%emt 0:00:01]} exd5 {[%emt 0:00:00]} 16. dxc5 {[%emt 0:00:01]} Nxc5 {[%emt 0:00:00]} 17. Ba2 {[%emt 0:00:01]} Qd7 {[%emt 0:00:03]} 18. Rad1 {[%emt 0:00:01]} Rad8 {[%emt 0:00:01]} 19. Ne5 {[%emt 0:00:00]} Qf5 {[%emt 0:00:01]} 20. Qd4 {[%emt 0:00:01]} Ne6 {[%emt 0:00:01]} 21. Qxb6 {[%emt 0:00:03]} Ba8 {[%emt 0:00:02]} 22. Nf3 {[%emt 0:00:01]} Qg4 {[%emt 0:00:02]} 23. h3 {[%emt 0:00:02]} Qf4 {[%emt 0:00:02]} 24. Qxa5 {[%emt 0:00:01]} d4 {[%emt 0:00:01]} 25. Qe5+ {[%emt 0:00:02]} Qxe5 {[%emt 0:00:03]} 26. Nxe5 {[%emt 0:00:00]} Rd6 {[%emt 0:00:02]} 27. Bxe6 {[%emt 0:00:01]} fxe6 {[%emt 0:00:01]} 28. Nd3 {[%emt 0:00:01]} Bc6 {[%emt 0:00:02]} 29. Rd2 {[%emt 0:00:01]} Rfd8 {[%emt 0:00:01]} 30. Rde2 {[%emt 0:00:01]} Bb5 {[%emt 0:00:01]} 31. Rxe6 {[%emt 0:00:01]} Rxe6 {[%emt 0:00:01]} 32. Rxe6 {[%emt 0:00:01]} Bxd3 {[%emt 0:00:00]} 33. cxd3 {[%emt 0:00:01]} Rb8 {[%emt 0:00:00]} 34. b4 {[%emt 0:00:00]} Rc8 {[%emt 0:00:01]} 35. Rd6 {[%emt 0:00:01]} Rc3 {[%emt 0:00:00]} 36. Rxd4 {[%emt 0:00:01]} Rxa3 {[%emt 0:00:00]} 37. Kh2 {[%emt 0:00:01]} Rb3 {[%emt 0:00:00]} 38. Kg3 {[%emt 0:00:01]} Kf6 {[%emt 0:00:00]} 39. Kf4 {[%emt 0:00:01]} g5+ {[%emt 0:00:01]} 40. Ke3 {[%emt 0:00:00]} Ke5 {[%emt 0:00:01]} 41. Rc4 {[%emt 0:00:00]} Kf5 {[%emt 0:00:01]} 42. Rc5+ {[%emt 0:00:00]} Kf6 {[%emt 0:00:01]} 43. Rb5 {[%emt 0:00:00]} Ke6 {[%emt 0:00:01]} 44. Rb6+ {[%emt 0:00:02]} Kf5 {[%emt 0:00:01]} 45. b5 {[%emt 0:00:01]} Rb1 {[%emt 0:00:00]} 46. Rb8 {[%emt 0:00:01]} Re1+ {[%emt 0:00:01]} 47. Kd4 {[%emt 0:00:00]} Rb1 {[%emt 0:00:00]} 48. b6 {[%emt 0:00:00]} h5 {[%emt 0:00:01]} 49. b7 {[%emt 0:00:00]} Kg6 {[%emt 0:00:00]} 50. Rg8+ {[%emt 0:00:01]} Kf7 {[%emt 0:00:02]} 51. b8=Q {[%emt 0:00:00]} Rxb8 {[%emt 0:00:01]} 52. Rxb8 {[%emt 0:00:01]} Kf6 {[%emt 0:00:00]} 53. Rb5 {[%emt 0:00:01]} g4 {[%emt 0:00:01]} 54. h4 {[%emt 0:00:01]} Ke6 {[%emt 0:00:02]} 55. Ke4 {[%emt 0:00:02]} Kf6 {[%emt 0:00:01]} 56. Rxh5 {[%emt 0:00:01]} Kg6 {[%emt 0:00:01]} 57. Rg5+ {[%emt 0:00:00]} Kf6 {[%emt 0:00:01]} 58. Rxg4 {[%emt 0:00:00]} Kf7 {[%emt 0:00:00]} 59. Rg5 {[%emt 0:00:01]} Kf8 {[%emt 0:00:00]} 60. g4 {[%emt 0:00:00]} Kf7 {[%emt 0:00:00]} 61. Kf5 {[%emt 0:00:00] Bardellosport abbandona (Lag: Av=0.58s, max=1.4s)} 1-0

[Event "Stay Safe Play From Home 280"]
[Site "Emanuel Lasker Arena"]
[Date "2020.07.06"]
[Round "8"]
[White "VotaryRoma"]
[Black "Lamborghini"]
[Result "0-1"]
[WhiteElo "2152"]
[BlackElo "2233"]
[PlyCount "68"]
[EventDate "2020.07.06"]
[EventType "swiss (blitz)"]

1. Nf3 {[%emt 0:00:04]} Nf6 {[%emt 0:00:01]} 2. g3 {[%emt 0:00:00]} g6 {[%emt 0:00:01]} 3. Bg2 {[%emt 0:00:00]} Bg7 {[%emt 0:00:00]} 4. O-O {[%emt 0:00:00]} O-O {[%emt 0:00:00]} 5. d4 {[%emt 0:00:00]} c6 {[%emt 0:00:01]} 6. c4 {[%emt 0:00:00]} d6 {[%emt 0:00:01]} 7. Nc3 {[%emt 0:00:01]} Qa5 {[%emt 0:00:01]} 8. e4 {[%emt 0:00:01]} Bg4 {[%emt 0:00:01]} 9. h3 {[%emt 0:00:01]} Bxf3 {[%emt 0:00:01]} 10. Bxf3 {[%emt 0:00:00]} Nfd7 {[%emt 0:00:01]} 11. Be3 {[%emt 0:00:01]} c5 {[%emt 0:00:01]} 12. Qd2 {[%emt 0:00:03]} Nc6 {[%emt 0:00:02]} 13. d5 {[%emt 0:00:02]} Nd4 {[%emt 0:00:01]} 14. Bg2 {[%emt 0:00:02]} Ne5 {[%emt 0:00:01]} 15. Bxd4 {[%emt 0:00:01]} cxd4 {[%emt 0:00:02]} 16. Ne2 {[%emt 0:00:03]} Qxd2 {[%emt 0:00:02]} 17. Nf4 {[%emt 0:00:04]} Nxc4 {[%emt 0:00:03]} 18. Rfd1 {[%emt 0:00:00]} Qxb2 {[%emt 0:00:01]} 19. Rac1 {[%emt 0:00:00]} Rac8 {[%emt 0:00:02]} 20. Rb1 {[%emt 0:00:01]} Qxa2 {[%emt 0:00:01]} 21. Bf1 {[%emt 0:00:00]} Nb2 {[%emt 0:00:01]} 22. Re1 {[%emt 0:00:02]} d3 {[%emt 0:00:02]} 23. Nxd3 {[%emt 0:00:03]} Nxd3 {[%emt 0:00:01]} 24. Bxd3 {[%emt 0:00:00]} Rc3 {[%emt 0:00:01]} 25. Bf1 {[%emt 0:00:01]} Bd4 {[%emt 0:00:01]} 26. Re2 {[%emt 0:00:02]} Qxb1 {[%emt 0:00:01] VotaryRoma offers a draw} 27. Kh2 {[%emt 0:00:11]} Rfc8 {[%emt 0:00:04]} 28. Rd2 {[%emt 0:00:00]} Be5 {[%emt 0:00:02]} 29. Rd1 {[%emt 0:00:00]} Qb2 {[%emt 0:00:02]} 30. Rd2 {[%emt 0:00:00]} Qxd2 {[%emt 0:00:01]} 31. Be2 {[%emt 0:00:00]} Qxe2 {[%emt 0:00:01]} 32. h4 {[%emt 0:00:00]} Rc1 {[%emt 0:00:01]} 33. Kh3 {[%emt 0:00:00]} Qf3 {[%emt 0:00:01]} 34. h5 {[%emt 0:00:02]} Rh1# {[%emt 0:00:02] (Lag: Av=0.27s, max=0.4s)} 0-1

[Event "Stay Safe Play From Home 280"]
[Site "Emanuel Lasker Arena"]
[Date "2020.07.06"]
[Round "8"]
[White "SoulofWolf"]
[Black "Ironmike"]
[Result "0-1"]
[WhiteElo "2135"]
[BlackElo "1966"]
[PlyCount "108"]
[EventDate "2020.07.06"]
[EventType "swiss (blitz)"]
[BlackTeam "SV Horst-Emscher I"]

{- Dönges, Dirk (1820)} 1. f4 {[%emt 0:00:01]} c5 {[%emt 0:00:01]} 2. e4 {[%emt 0:00:00]} Nc6 {[%emt 0:00:00]} 3. d3 {[%emt 0:00:00]} b6 {[%emt 0:00:00]} 4. Nd2 {[%emt 0:00:01]} Bb7 {[%emt 0:00:00]} 5. Nb3 {[%emt 0:00:01]} e6 {[%emt 0:00:00]} 6. Be3 {[%emt 0:00:01]} d5 {[%emt 0:00:00]} 7. Nf3 {[%emt 0:00:01]} dxe4 {[%emt 0:00:01]} 8. dxe4 {[%emt 0:00:01]} Qxd1+ {[%emt 0:00:00]} 9. Rxd1 {[%emt 0:00:00]} Nf6 {[%emt 0:00:00]} 10. Bd3 {[%emt 0:00:02]} Be7 {[%emt 0:00:01]} 11. e5 {[%emt 0:00:01]} Nd5 {[%emt 0:00:01]} 12. Bd2 {[%emt 0:00:00]} O-O-O {[%emt 0:00:01]} 13. O-O {[%emt 0:00:00]} Nd4 {[%emt 0:00:01]} 14. Nfxd4 {[%emt 0:00:01]} cxd4 {[%emt 0:00:00]} 15. Nxd4 {[%emt 0:00:01]} f6 {[%emt 0:00:01]} 16. Nxe6 {[%emt 0:00:03]} Rde8 {[%emt 0:00:01]} 17. Nxg7 {[%emt 0:00:01]} Reg8 {[%emt 0:00:01]} 18. Nf5 {[%emt 0:00:06]} Nxf4 {[%emt 0:00:01]} 19. Rxf4 {[%emt 0:00:08]} Rxg2+ {[%emt 0:00:02]} 20. Kf1 {[%emt 0:00:01]} Bc5 {[%emt 0:00:02]} 21. Be3 {[%emt 0:00:02]} Bxe3 {[%emt 0:00:02]} 22. Nxe3 {[%emt 0:00:00]} Rxh2 {[%emt 0:00:01]} 23. Rf2 {[%emt 0:00:01]} Rh1+ {[%emt 0:00:02]} 24. Ke2 {[%emt 0:00:00]} Rxd1 {[%emt 0:00:00]} 25. Kxd1 {[%emt 0:00:00]} fxe5 {[%emt 0:00:01]} 26. Nc4 {[%emt 0:00:01]} e4 {[%emt 0:00:01]} 27. Nd6+ {[%emt 0:00:02]} Kd8 {[%emt 0:00:00]} 28. Nxe4 {[%emt 0:00:01]} Ke7 {[%emt 0:00:02]} 29. Kd2 {[%emt 0:00:02]} Rd8 {[%emt 0:00:00]} 30. a3 {[%emt 0:00:01]} Bxe4 {[%emt 0:00:01]} 31. Re2 {[%emt 0:00:01]} Kf6 {[%emt 0:00:01]} 32. Rxe4 {[%emt 0:00:00]} h5 {[%emt 0:00:00]} 33. Rh4 {[%emt 0:00:01]} Kg5 {[%emt 0:00:01]} 34. Rh2 {[%emt 0:00:01]} h4 {[%emt 0:00:00]} 35. Kc3 {[%emt 0:00:00]} Kg4 {[%emt 0:00:01]} 36. Be2+ {[%emt 0:00:01]} Kg3 {[%emt 0:00:01]} 37. Rh1 {[%emt 0:00:01]} h3 {[%emt 0:00:00]} 38. Rc1 {[%emt 0:00:02]} h2 {[%emt 0:00:01]} 39. Ba6 {[%emt 0:00:01]} Rd7 {[%emt 0:00:02]} 40. Bb5 {[%emt 0:00:01]} Rc7+ {[%emt 0:00:01]} 41. Kb3 {[%emt 0:00:01]} Kg2 {[%emt 0:00:00]} 42. Bd3 {[%emt 0:00:02]} Re7 {[%emt 0:00:02]} 43. Be4+ {[%emt 0:00:00]} Rxe4 {[%emt 0:00:01]} 44. c4 {[%emt 0:00:01]} Re3+ {[%emt 0:00:01]} 45. Kb4 {[%emt 0:00:01]} Rf3 {[%emt 0:00:00]} 46. Rc2+ {[%emt 0:00:00]} Rf2 {[%emt 0:00:01]} 47. Rc1 {[%emt 0:00:00]} Rf1 {[%emt 0:00:00]} 48. Rc2+ {[%emt 0:00:01]} Kg1 {[%emt 0:00:00]} 49. Rc3 {[%emt 0:00:01]} h1=Q {[%emt 0:00:00]} 50. Rg3+ {[%emt 0:00:00]} Kf2 {[%emt 0:00:01]} 51. Rc3 {[%emt 0:00:00]} Qc6 {[%emt 0:00:01]} 52. Kb3 {[%emt 0:00:00]} a6 {[%emt 0:00:01]} 53. a4 {[%emt 0:00:00]} a5 {[%emt 0:00:01]} 54. Rc2+ {[%emt 0:00:01]} Kg1 {[%emt 0:00:01]} 0-1

[Event "Stay Safe Play From Home 280"]
[Site "Emanuel Lasker Arena"]
[Date "2020.07.06"]
[Round "8"]
[White "Greblha"]
[Black "AChessPlayer"]
[Result "0-1"]
[WhiteElo "1916"]
[BlackElo "2426"]
[PlyCount "94"]
[EventDate "2020.07.06"]
[EventType "swiss (blitz)"]

1. e4 {[%emt 0:00:01]} g6 {[%emt 0:00:01]} 2. d4 {[%emt 0:00:01]} Bg7 {[%emt 0:00:00]} 3. Nc3 {[%emt 0:00:01]} c6 {[%emt 0:00:00]} 4. Be3 {[%emt 0:00:01]} d5 {[%emt 0:00:00]} 5. f3 {[%emt 0:00:01]} dxe4 {[%emt 0:00:01]} 6. fxe4 {[%emt 0:00:01]} e5 {[%emt 0:00:01]} 7. Nf3 {[%emt 0:00:01]} Bg4 {[%emt 0:00:02]} 8. dxe5 {[%emt 0:00:01]} Qxd1+ {[%emt 0:00:01]} 9. Rxd1 {[%emt 0:00:02]} Nd7 {[%emt 0:00:01]} 10. h3 {[%emt 0:00:01]} Bxf3 {[%emt 0:00:01]} 11. gxf3 {[%emt 0:00:01]} Nxe5 {[%emt 0:00:00]} 12. Bg2 {[%emt 0:00:01]} Nc4 {[%emt 0:00:01]} 13. Bc1 {[%emt 0:00:03]} Bxc3+ {[%emt 0:00:02]} 14. bxc3 {[%emt 0:00:01]} Nf6 {[%emt 0:00:02]} 15. Ke2 {[%emt 0:00:01]} Nd7 {[%emt 0:00:01]} 16. Rd4 {[%emt 0:00:01]} Ndb6 {[%emt 0:00:01]} 17. Rdd1 {[%emt 0:00:02]} Rd8 {[%emt 0:00:01]} 18. Bg5 {[%emt 0:00:01]} Rd7 {[%emt 0:00:03]} 19. Bf6 {[%emt 0:00:02]} Rg8 {[%emt 0:00:02]} 20. Rxd7 {[%emt 0:00:01]} Nxd7 {[%emt 0:00:01]} 21. e5 {[%emt 0:00:03]} Ncxe5 {[%emt 0:00:03]} 22. Bxe5 {[%emt 0:00:02]} Nxe5 {[%emt 0:00:00]} 23. f4 {[%emt 0:00:01]} Nc4 {[%emt 0:00:00]} 24. Kd3 {[%emt 0:00:01]} Nd6 {[%emt 0:00:02]} 25. Re1+ {[%emt 0:00:01]} Kd7 {[%emt 0:00:00]} 26. h4 {[%emt 0:00:00]} f5 {[%emt 0:00:00]} 27. c4 {[%emt 0:00:02]} Re8 {[%emt 0:00:00]} 28. Rd1 {[%emt 0:00:01]} Kc7 {[%emt 0:00:02]} 29. c5 {[%emt 0:00:01]} Nb5 {[%emt 0:00:01]} 30. Kc4 {[%emt 0:00:02]} a5 {[%emt 0:00:02]} 31. a4 {[%emt 0:00:02]} Na7 {[%emt 0:00:00]} 32. Bh3 {[%emt 0:00:02]} Nc8 {[%emt 0:00:01]} 33. h5 {[%emt 0:00:01]} Re4+ {[%emt 0:00:01]} 34. Kd3 {[%emt 0:00:01]} Rxf4 {[%emt 0:00:00]} 35. hxg6 {[%emt 0:00:01]} hxg6 {[%emt 0:00:00]} 36. Bg2 {[%emt 0:00:02]} Ne7 {[%emt 0:00:02]} 37. Re1 {[%emt 0:00:01]} Kd7 {[%emt 0:00:01]} 38. Bh1 {[%emt 0:00:04]} Rxa4 {[%emt 0:00:00]} 39. Rg1 {[%emt 0:00:01]} Ra3+ {[%emt 0:00:02]} 40. Kd2 {[%emt 0:00:01]} Rh3 {[%emt 0:00:00]} 41. Bg2 {[%emt 0:00:01]} Rh2 {[%emt 0:00:00]} 42. Ke3 {[%emt 0:00:01]} a4 {[%emt 0:00:00]} 43. Kf4 {[%emt 0:00:01]} a3 {[%emt 0:00:00]} 44. Bf3 {[%emt 0:00:01]} a2 {[%emt 0:00:01]} 45. Kg5 {[%emt 0:00:01]} Rxc2 {[%emt 0:00:01]} 46. Ra1 {[%emt 0:00:01]} Rb2 {[%emt 0:00:00]} 47. Kf6 {[%emt 0:00:01]} Kc7 {[%emt 0:00:00] Zeit (Lag: Av=0.51s, max=1.0s)} 0-1

[Event "Stay Safe Play From Home 280"]
[Site "Emanuel Lasker Arena"]
[Date "2020.07.06"]
[Round "8"]
[White "Haris kollari 13"]
[Black "Weltszmerc"]
[Result "0-1"]
[WhiteElo "1770"]
[BlackElo "2107"]
[Annotator "NA"]
[PlyCount "62"]
[EventDate "2020.07.06"]
[EventType "swiss (blitz)"]

1. e4 {[%emt 0:00:02]} Nf6 {[%emt 0:00:00]} 2. e5 {[%emt 0:00:01]} Nd5 {[%emt 0:00:00]} 3. c4 {[%emt 0:00:00]} Nb6 {[%emt 0:00:00]} 4. d4 {[%emt 0:00:00]} d6 {[%emt 0:00:00]} 5. f4 {[%emt 0:00:02]} dxe5 {[%emt 0:00:00]} 6. fxe5 {[%emt 0:00:00]} Bf5 {[%emt 0:00:00]} 7. Nf3 {[%emt 0:00:01]} e6 {[%emt 0:00:00]} 8. Be2 {[%emt 0:00:02]} Be7 {[%emt 0:00:00]} 9. Be3 {[%emt 0:00:01]} O-O {[%emt 0:00:00]} 10. Nc3 {[%emt 0:00:01]} f6 {[%emt 0:00:00]} 11. exf6 {[%emt 0:00:03]} Bxf6 {[%emt 0:00:00]} 12. O-O {[%emt 0:00:01]} Nc6 {[%emt 0:00:00]} 13. d5 {[%emt 0:00:02]} Ne5 {[%emt 0:00:02]} 14. Nxe5 {[%emt 0:00:01]} Bxe5 {[%emt 0:00:01]} 15. c5 {[%emt 0:00:02]} Nxd5 {[%emt 0:00:02]} 16. Nxd5 {[%emt 0:00:01]} exd5 {[%emt 0:00:01]} 17. Rxf5 {[%emt 0:00:07]} Rxf5 {[%emt 0:00:02]} 18. Bf3 {[%emt 0:00:04]} c6 {[%emt 0:00:02]} 19. Rc1 {[%emt 0:00:02]} Qh4 {[%emt 0:00:01]} 20. h3 {[%emt 0:00:04]} Qg3 {[%emt 0:00:03]} 21. Bf2 {[%emt 0:00:04]} Qh2+ {[%emt 0:00:02]} 22. Kf1 {[%emt 0:00:01]} Raf8 {[%emt 0:00:02]} 23. b4 {[%emt 0:00:04]} Rxf3 {[%emt 0:00:03]} 24. gxf3 {[%emt 0:00:01]} Qxh3+ {[%emt 0:00:01]} 25. Ke1 {[%emt 0:00:02]} Qh1+ {[%emt 0:00:01]} 26. Kd2 {[%emt 0:00:03]} Qxf3 {[%emt 0:00:01]} 27. Qxf3 {[%emt 0:00:03]} Rxf3 {[%emt 0:00:00]} 28. Be3 {[%emt 0:00:00]} d4 {[%emt 0:00:01]} 29. Bg1 {[%emt 0:00:02]} Bf4+ {[%emt 0:00:01]} 30. Ke2 {[%emt 0:00:01]} Bxc1 {[%emt 0:00:01]} 31. Kxf3 {[%emt 0:00:01]} d3 {[%emt 0:00:00] Time (Lag: Av=0.91s, max=1.7s)} 0-1

[Event "Stay Safe Play From Home 280"]
[Site "Emanuel Lasker Arena"]
[Date "2020.07.06"]
[Round "8"]
[White "Klasman"]
[Black "Justwatch"]
[Result "0-1"]
[WhiteElo "1413"]
[BlackElo "1704"]
[Annotator "NA"]
[PlyCount "42"]
[EventDate "2020.07.06"]
[EventType "swiss (blitz)"]

1. f4 {[%emt 0:00:02]} Nf6 {[%emt 0:00:00]} 2. Nf3 {[%emt 0:00:02]} g6 {[%emt 0:00:00]} 3. c4 {[%emt 0:00:01]} Bg7 {[%emt 0:00:00]} 4. Nc3 {[%emt 0:00:02]} O-O {[%emt 0:00:00]} 5. e4 {[%emt 0:00:01]} d6 {[%emt 0:00:00]} 6. e5 {[%emt 0:00:01]} dxe5 {[%emt 0:00:02]} 7. fxe5 {[%emt 0:00:01]} Nh5 {[%emt 0:00:00]} 8. d4 {[%emt 0:00:03]} Bg4 {[%emt 0:00:00]} 9. Be3 {[%emt 0:00:05]} Bxf3 {[%emt 0:00:00]} 10. Qxf3 {[%emt 0:00:02]} Nc6 {[%emt 0:00:00]} 11. g4 {[%emt 0:00:06]} Nxd4 {[%emt 0:00:04]} 12. Bxd4 {[%emt 0:00:01]} Qxd4 {[%emt 0:00:02]} 13. gxh5 {[%emt 0:00:04]} Bxe5 {[%emt 0:00:00]} 14. Rd1 {[%emt 0:00:05]} Qc5 {[%emt 0:00:07]} 15. Bd3 {[%emt 0:00:06]} Bxc3+ {[%emt 0:00:01]} 16. bxc3 {[%emt 0:00:02]} Rad8 {[%emt 0:00:02]} 17. Rf1 {[%emt 0:00:03]} e5 {[%emt 0:00:03]} 18. Qe4 {[%emt 0:00:06]} Rd6 {[%emt 0:00:32]} 19. Qxb7 {[%emt 0:00:02]} Qe3+ {[%emt 0:00:02]} 20. Be2 {[%emt 0:00:02]} Qxc3+ {[%emt 0:00:01]} 21. Kf2 {[%emt 0:00:02]} Qh3 {[%emt 0:00:02] Time (Lag: Av=0.48s, max=0.5s)} 0-1

[Event "Stay Safe Play From Home 280"]
[Site "Emanuel Lasker Arena"]
[Date "2020.07.06"]
[Round "9"]
[White "Lamborghini"]
[Black "Haris kollari 13"]
[Result "1-0"]
[WhiteElo "2246"]
[BlackElo "1766"]
[Annotator "NA"]
[PlyCount "47"]
[EventDate "2020.07.06"]
[EventType "swiss (blitz)"]

1. e4 {[%emt 0:00:02]} e5 {[%emt 0:00:00]} 2. d4 {[%emt 0:00:01]} exd4 {[%emt 0:00:02]} 3. Nf3 {[%emt 0:00:00]} c5 {[%emt 0:00:01]} 4. Bc4 {[%emt 0:00:02]} Nc6 {[%emt 0:00:02]} 5. c3 {[%emt 0:00:01]} dxc3 {[%emt 0:00:03]} 6. Nxc3 {[%emt 0:00:01]} d6 {[%emt 0:00:00]} 7. O-O {[%emt 0:00:03]} Be6 {[%emt 0:00:01]} 8. Bxe6 {[%emt 0:00:02]} fxe6 {[%emt 0:00:01]} 9. Qb3 {[%emt 0:00:01]} Qd7 {[%emt 0:00:02]} 10. Rd1 {[%emt 0:00:01]} Be7 {[%emt 0:00:08]} 11. Bf4 {[%emt 0:00:01]} e5 {[%emt 0:00:02]} 12. Nxe5 {[%emt 0:00:02]} Nxe5 {[%emt 0:00:08]} 13. Bxe5 {[%emt 0:00:01]} Kf8 {[%emt 0:00:05]} 14. Bxd6 {[%emt 0:00:02]} Nf6 {[%emt 0:00:00]} 15. e5 {[%emt 0:00:02]} Bxd6 {[%emt 0:00:00]} 16. Rxd6 {[%emt 0:00:02]} Qe7 {[%emt 0:00:01]} 17. Re6 {[%emt 0:00:04]} Qd7 {[%emt 0:00:03]} 18. exf6 {[%emt 0:00:01]} gxf6 {[%emt 0:00:01]} 19. Rae1 {[%emt 0:00:02]} Rd8 {[%emt 0:00:05]} 20. Qc4 {[%emt 0:00:01]} b5 {[%emt 0:00:02]} 21. Qf4 {[%emt 0:00:01]} Kg7 {[%emt 0:00:02]} 22. Qxf6+ {[%emt 0:00:01]} Kg8 {[%emt 0:00:02]} 23. Re7 {[%emt 0:00:02]} Qd2 {[%emt 0:00:01]} 24. Qg7# {[%emt 0:00:01] (Lag: Av=0.37s, max=0.6s)} 1-0